000 00649cam a22002173a 4500
001 35433
003 PGUSA
005 20140828083749.0
008 110301s2011||||xxu|||||s|||||000 | eng d
040 _aPGUSA
_beng
042 _adc
100 1 _aHamilton, William,
_d1731-1803
245 1 0 _aObservations on Mount Vesuvius, Mount Etna, and Other Volcanos
_h[electronic resource] /
_cWilliam Hamilton
260 _bProject Gutenberg,
_c2011
506 _aPublic domain in the USA.
516 _aElectronic text
700 1 _aCadell, Thomas
830 0 _aProject Gutenberg
_v35433
856 4 0 _uhttp://www.gutenberg.org/ebooks/35433
942 _cEB
999 _c264688
_d264688